| 000 | 01100cam a2200313 a 4500 | ||
|---|---|---|---|
| 001 | 13463589 | ||
| 005 | 20120925141724.0 | ||
| 008 | 040121s2003 moua b 001 0 eng | ||
| 020 | _a0323019544 | ||
| 040 |
_aDLC _cDLC _dDLC |
||
| 082 | 0 | 0 |
_a611.31 _221 _bBRA |
| 100 | 1 |
_aBrand, Richard W., _d1933- _930228 |
|
| 245 | 1 | 0 |
_aAnatomy of Orofacial Structures / _cRichard W. Brand, Donald E. Isselhard ; workbook questions contributed by Elaine Satin |
| 250 | _a7th ed. | ||
| 260 |
_aSt. Louis : _bMosby, _cc2003. |
||
| 300 |
_axiii, 567, [32] p. : _bill. ; _c24 cm. |
||
| 500 | _aIncludes flash cards. | ||
| 504 | _aIncludes bibliographical references and index. | ||
| 541 | _aDonation from Baccah | ||
| 650 | 0 |
_aTeeth _xAnatomy. _930229 |
|
| 650 | 0 |
_aMouth _xAnatomy. _930230 |
|
| 650 | 0 |
_aHead _xAnatomy. _930231 |
|
| 650 | 0 |
_aNeck _xAnatomy. _930232 |
|
| 653 |
_bDent _cJune2012 _cSeptember2012 |
||
| 700 | 1 |
_aIsselhard, Donald E. _930233 |
|
| 700 | 1 |
_aSatin, Elaine. _930234 |
|
| 942 |
_2ddc _cNRB |
||
| 999 |
_c16796 _d16796 |
||